00682cam a2200193 a 450000100100000000500170001000800410002704000290006808200190009710000380011624500950015426000370024930000210028649000270030760000440033461000320037865100510041083000270046100001807620240422104515.0730227s1962 ag 000 0bspa d aDO-SdBNPbspacLCdBNPHU a923.285bH412B1 aBaeza Flores, Alberto,d1914-199810aHaya de la Torre y la revolución constructiva de las Américas /cAlberto Baeza Florez. aBuenos Aires :bClaridad,c1962. a205 p. ;c21 cm.1 aAmérica Libre,vv. 120aHAYA DE LA TORRE, VÍCTOR RAUL,d1895-20aPARTIDO DEL PUEBLO (PERÚ) 4aAmérica LatinaxPolítica Y Gobiernoy1948- 0aAmérica Libre,vv. 1